Mammals by Picture #1 - Statistics

General Stats
  • This quiz has been taken 219 times
  • The average score is 11 of 12
Answer Stats
Picture Answer % Correct
Bottlenose Dolphin
99%
Brown Labrador
99%
Domestic Cat
99%
Rabbit
99%
American Black Bear
98%
Sea Lion
98%
White Rhino
97%
Moose
93%
Orangutan
93%
Red Panda
88%
Opossum
79%
Capybara
69%
No matching quizzes found
Score Distribution
Percent of People with Each Score
Percentile by Number Answered
Your Score History
You have not taken this quiz